| 000 | 00999nam a22003257a 4500 | ||
|---|---|---|---|
| 005 | 20260318103430.0 | ||
| 008 | 260318b |||||||| |||| 00| 0 eng d | ||
| 020 | _a9789394364547 | ||
| 037 | _cTB | ||
| 040 |
_aLCT _cLCT |
||
| 041 |
_2eng _aeng _heng |
||
| 084 | _aV2:2:(Z) R3 | ||
| 100 | _aMahajan, V.D. | ||
| 245 | _aV.D. Mahajan's Constitutional Law of India/ | ||
| 250 | _a8th ed. | ||
| 260 |
_aLucknow, India: _bEastern Book Company(EBC), _c2023 |
||
| 300 | _acxvii, 818p. | ||
| 365 |
_b995 _cINR |
||
| 650 |
_aConstitution of India _9784581 |
||
| 650 |
_aLaw _9784582 |
||
| 650 |
_aJudicial Review _91132388 |
||
| 650 | _aPublic Law | ||
| 650 |
_aJudiciary in India _9747446 |
||
| 650 | _aFundamental Rights | ||
| 650 | _aIndian Constitution | ||
| 650 |
_aSupreme Court Guidelines _9747447 |
||
| 650 |
_aJudgements of Supreme court _9747448 |
||
| 700 |
_aJain, Sanjay _91132389 |
||
| 942 |
_2CC _cTB _hV2:2:(Z) R3 _n0 |
||
| 999 |
_c1715653 _d1715653 |
||